000
00197 a2200097 4500
001
3791
100
_a
Frazee, I
245
_a
Automotive fundamentals
260
_a
_b
A.T.S
_c
090
_c
3026
_d
3026
942
_a
NUST-CAE
_c
M
_c
22514
999
_c
238864
_d
238864